| 000 | 00844nam a22002057a 4500 | ||
|---|---|---|---|
| 999 |
_c18904 _d18904 |
||
| 003 | AR-CdUCM | ||
| 008 | 190515b ||||| |||| 00| 0 spa d | ||
| 040 |
_aMUNICIPALIDAD PROVINCIAL DEL CUSCO _cBIBLIOTECA MUNICIPAL DEL CUSCO |
||
| 082 |
_22ed _a341 / _bR33 |
||
| 100 |
_aRecaséns Siches, Luis _939819 |
||
| 245 |
_aVida humana, sociedad y derecho : _bfundamentación de la filosofía del derecho / |
||
| 260 |
_aMéxico D.F : _bFondo de Cultura Económica, _c1945. |
||
| 300 |
_a615 páginas ; _c24 cm. |
||
| 505 | _aContenido: El universo, la vida humana, la sociedad y el derecho -- El uso como manifestación de diversos tipos de normas -- Mi destino y lo típico comunal de la sociedad... | ||
| 650 |
_aBibliografía _91484 |
||
| 650 |
_aDerecho _9739 |
||
| 650 |
_aFilosofía _9395 |
||
| 942 |
_2ddc _cLIBROS |
||
| 945 |
_adavv _d2019-05-15 |
||